Die Böhmischen Brüder /

Hlavní autor: Sanka, Adolf
Jazyk: Němčina
Vydáno: Leipzig : A. Haase, 1917
Edice: Österreichs Ruhmeshalle, Aus Österreichs Vergangenheit ; Reihe 4
Témata:
Fyzický popis: 94, 31 s.
Knihy
Uloženo v:
LEADER 00904nam a22002652a 4500
001 000189673
003 CZ BrMZK
005 20160725095503.0
007 ta
008 950101s1917 gw f ger d
040 |a LIA001  |b cze 
100 1 |a Sanka, Adolf  |4 aut 
245 1 4 |a Die Böhmischen Brüder /  |c Adolf Sanka 
260 |a Leipzig :  |b A. Haase,  |c 1917  |e (Prag :  |f A. Haase,  |g [1917]) 
300 |a 94, 31 s. 
490 0 |a Österreichs Ruhmeshalle, Aus Österreichs Vergangenheit ;  |v Reihe 4 
500 |a Sudetikum - Hrsg. Edition A. Herget, Hrsg. Reihe Karl Schneider. - Místo t. uvedeno na rubu tit. l. Prag Annahof 
500 |a švabach 
504 |a Rozlož. tit. l 
653 0 |a Religion  |a Böhmische Brüder 
910 |a BOA001  |b 1-0043.376,6 
990 |a BK 
993 |a Y 
991 |b 201605 
996 6 |b 2619942006  |c 1-0043.376,6  |l MZK  |r Sklad / do 1 hodiny  |n 1  |w 000189673  |u 000010  |a 1  |e BOA001  |j MZK50  |s P